Մանկական խոսք / (Record no. 184068)
[ view plain ]
| 000 -LEADER | |
|---|---|
| fixed length control field | 00648nam a2200217 u 4500 |
| 001 - CONTROL NUMBER | |
| control field | 000497862 |
| 003 - CONTROL NUMBER IDENTIFIER | |
| control field | AM-YeHGA |
| 005 - DATE AND TIME OF LATEST TRANSACTION | |
| control field | 20250618072644.0 |
| 008 - FIXED-LENGTH DATA ELEMENTS--GENERAL INFORMATION | |
| fixed length control field | 060815s2006 ai | |||||||||||||arm|d |
| 020 ## - INTERNATIONAL STANDARD BOOK NUMBER | |
| International Standard Book Number | 9994111825 |
| 040 ## - CATALOGING SOURCE | |
| Original cataloging agency | AM-YeHGA |
| 041 0# - LANGUAGE CODE | |
| Language code of text/sound track or separate title | arm |
| 090 ## - LOCALLY ASSIGNED LC-TYPE CALL NUMBER (OCLC); LOCAL CALL NUMBER (RLIN) | |
| -- | 185523 |
| 100 1# - MAIN ENTRY--PERSONAL NAME | |
| Personal name | Գալստյան, Անահիտ Սերգեյի |
| 245 10 - TITLE STATEMENT | |
| Title | Մանկական խոսք / |
| Statement of responsibility, etc. | Ա. Գալստյան. |
| 246 1# - VARYING FORM OF TITLE | |
| Title proper/short title | Детская речь |
| 246 1# - VARYING FORM OF TITLE | |
| Title proper/short title | Children's language |
| 260 ## - PUBLICATION, DISTRIBUTION, ETC. | |
| Place of publication, distribution, etc. | Երևան : |
| Name of publisher, distributor, etc. | "Զանգակ -97", |
| Date of publication, distribution, etc. | 2006. |
| 300 ## - PHYSICAL DESCRIPTION | |
| Extent | 93 էջ ; |
| Dimensions | 20 սմ. |
| 650 14 - SUBJECT ADDED ENTRY--TOPICAL TERM | |
| Topical term or geographic name entry element | Հայ մանկական գրականություն |
| 9 (RLIN) | 5413 |
| Withdrawn status | Lost status | Damaged status | Not for loan | Collection | Home library | Current library | Date acquired | Total checkouts | Full call number | Barcode | Date last seen | Price effective from | Koha item type | Public note |
|---|---|---|---|---|---|---|---|---|---|---|---|---|---|---|
| General | Fundamental Scientific Library | Fundamental Scientific Library | 28/12/2016 | AII/91588 | 220091588 | 28/12/2016 | 28/12/2016 | Գրքեր / Books | 30 Days Loan |
ՀՀ Գիտությունների ազգային ակադեմիայի հիմնարար գիտական գրադարան = Fundamental Scientific Library of NAS RA
All site content, except where otherwise noted, is licensed under a